000
00310nam a2200121Ia 4500
008
230511s1983 xx 000 0 und d
041
_a
eng
082
_a
348.041
100
_a
Thakare D K
245
_a
The Bombay Law Repoter LXV
260
_a
Mumbai
_b
Bombay Law Reporter
_c
1983
906
_a
High Court Cases
999
_c
353795
_d
353795